000 00586nam a2200193 4500
999 _c163826
_d163826
005 20190501153834.0
010 _aB-225858
020 _a9780195678291
035 _aB-225858
037 _bDBAD/PUB
082 _a342.54
100 _aNoorani,A.G.
245 _aConstitutional Questions and Citizens' Rights/
_cby A.G. Noorani
260 _aNew Delhi
_bOxford University Press
_c2006
270 _aYMCA library building ,Jai singh road,
_bNew Delhi
_e110001
300 _alxxi,396p.
_c21cms(hbk)
942 _2ddc
_cEN
_h342.54
_mNOO